000 00343nam a2200133Ia 4500
005 20260326235448.0
008 260326s9999||||xx |||||||||||||| ||und||
100 _aJones, Will
245 4 _aThe New Modern House /
_cWill Jones
260 _bPrinceton Architectural Press
300 _a176 p.
650 _aARQUITECTURA RESIDENCIAL
942 _cBK
999 _c7669
_d7669